=LDR 00000nam 2200000 4500 =001 INLIS000000000027942 =005 20130612130300 =008 ***********************************Ind** =035 ##$$0010-061300000027942 =041 ##$$a Ind =082 ##$$a R.912 =090 ##$$a R.912, Atl a =245 ##$$a Atlas lengkap, Indonesia dan dunia untuk SD, SMP, SMA dan umum =260 ##$$a 2005 $b Surabaya =300 ##$$a 80 hlm, ilus, 24 cm =650 ##$$a Atlas =850 ##$$a NBPNMAT